000 00631cam a2200229 4500
999 _c10242
_d10242
001 10242
003 BD-JhCC
005 20180520122310.0
008 180421s19891979enk 000 0 eng d
035 _aOCLC ocm17890422 from D971008M
_a(BD-JhCC)10242
040 _aEQK
_cEQK
_dGZM
_dEQO
_dBD-JhCC
041 _aeng
082 _bSAT 1989
_a516.34
090 _aQA538
_b.N55
100 1 _aSattar, Dr. Muhammad Abdus
245 1 4 _a Higher trigonometry /
_cDr. Muhammad Abdus Sattar
260 _aDhaka :
_bAli Publications,
_c1989.
300 _a151 p. :
_c22 cm.
650 0 _aTrigonometry.
942 _2ddc
_cBK